000
00289nam a22001337a 4500
008
170914b xxu||||| |||| 00| 0 eng d
020
_a
9780130321367
041
_a
eng
080
_a
74
100
_a
44
101
_a
ART
245
_a
DIGITAL PHOTOGRAPHY
_c
CIACLIA.J
942
_2
udc
_c
BK
999
_c
27555
_d
27555